| 000 | 01001nam0a22002891 4500 | ||
|---|---|---|---|
| 001 | rc\2564152 | ||
| 005 | 20230412190517.0 | ||
| 035 | _a(NLR Aleph) 006729016 | ||
| 090 |
_a5523940 _c5523940 |
||
| 100 | _a20110914d1927 |||y0rusy50 ca | ||
| 101 | 0 | _arus | |
| 102 | _aRU | ||
| 105 | _ay z ||||| | ||
| 200 | 1 | _aКапитальное строительство в СССР | |
| 210 |
_aМосква _aЛенинград _cГос. изд-во _d1927 _eМосква _g1-я Образцовая тип. |
||
| 215 |
_a158 с., [2] с. объявл. _d20х14 см. |
||
| 300 | _aНа обл. дата: 1928 | ||
| 300 | _aОбложка: И. Француз | ||
| 320 | _aБиблиография: "Указатель литературы" (на 1 странице) | ||
| 700 | 1 |
_aРубинштейн _bЯ. Е. _gЯков Евсеевич |
|
| 801 | 0 |
_aRU _bNLR _gpsbo |
|
| 801 | 1 |
_aRU _bELAR _2rusmarc |
|
| 852 |
_aNLR _j112/289 |
||
| 852 |
_aNLR _j24/1010 |
||
| 942 | _cBOOK | ||
| 980 | _aNB | ||